Seis personajes en busca de autor / (Registro nro. 8555)

Detalles MARC
000 -LIDER
fixed length control field 00983nam a2200301 4500
001 - NÚMERO DE CONTROL
Identificador de número de control 2399
003 - IDENTIFICACDOR DE NÚMERO DE CONTROL
control field DO-SdBPM
005 - DATE AND TIME OF LATEST TRANSACTION
control field 20250604125815.0
007 - CAMPOS FIJOS DE DESCRIPCIÓN FÍSICA
fixed length control field 2399
008 - ELEMENTOS DE LONGITUD FIJA
fixed length control field 991027s1999 sp | ||| ||spa
020 ## - ISBN
International Standard Book Number 848130137X
040 ## - FUENTE DE CATALOGACIÓN
Agencia que crea de manera original el registro DO-SdBPM
Idioma de catalogación spa
Agencia que realiza la transcripción BPMSU
082 #4 - NÚMERO DE CLASIFICACIÓN DECIMAL DE DEWEY
Classification number 852.8
Item number P667s 1999
Edition number 22
100 1# - ASIENTO PRINCIPAL -- NOMBRE PERSONAL
Nombre personal Pirandello, Luigi,
Fechas asociadas con el nombre 1867-1936.
245 10 - MENCIÓN DE TITULO
Título Seis personajes en busca de autor /
Mención de responsabilidad Luigi Pirandello ; traducción de Leonardo Valencia Assogna ; prólogo de Francisco Nieva
260 ## - PUBLICACIÓN, DISTRIBUCIÓN, ETC. (PIE DE IMPRENTA)
Lugar de publicación, distribución, etc Madrid :
Nombre del editor, distribuidor, etc. Milenium,
Fecha de publicación, distribución, etc 1999.
300 ## - DESCRIPCIÓN FÍSICA
Extensión 93 p. ;
Dimensiones 22 cm.
490 0# - MENCIÓN DE SERIES
Mención de serie Millenium;
-- Las 100 joyas del milenio,
Volume/sequential designation 23
490 1# - MENCIÓN DE SERIES
Mención de serie Biblioteca El mundo
590 ## - NOTA LOCAL
Texto de la nota local Inventariado, 2025/VM
650 #4 - ENCABEZAMIENTO DE MATERIA--TEMÁTICO
Término temático o nombre geográfico como elemento de entrada Teatro italiano
650 #4 - ENCABEZAMIENTO DE MATERIA--TEMÁTICO
Término temático o nombre geográfico como elemento de entrada Identidad social
Subdivisión de forma Teatro.
650 #4 - ENCABEZAMIENTO DE MATERIA--TEMÁTICO
Término temático o nombre geográfico como elemento de entrada Destino y Fatalismo
Subdivisión de forma Teatro.
700 1# - ASIENTO SECUNDARIO -- NOMBRE PERSONAL
Término de relación Valencia Assogna, Leonardo,
Nombre personal traductor
700 1# - ASIENTO SECUNDARIO -- NOMBRE PERSONAL
Término de relación Nueva, Francisco,
Mención de responsabilidad prólogo
910 ## - VALIDACIÓN
Validación VMateo V. Control de calidad. BPMSU
942 ## - ADDED ENTRY ELEMENTS (KOHA)
Source of classification or shelving scheme Dewey Decimal Classification
Koha item type Libros
Existencias
Withdrawn status Lost status Source of classification or shelving scheme Damaged status Not for loan Collection code Home library Current library Date acquired Source of acquisition Total Checkouts Full call number Barcode Date last seen Price effective from Koha item type
    Dewey Decimal Classification     Colección General Biblioteca Pública Metropolitana Salomé Ureña Biblioteca Pública Metropolitana Salomé Ureña 11/05/2015 FUNDI   BPMSU CG 852.8 P667s 1999 BPMSU18020092 11/05/2015 11/05/2015 Libros